El superzorro /

Guardado en:
Autor Principal: Dahl, Roald
Otros Autores: Blake, Quentin; il, Sordi, Fabiana A.; trad.
Formato: Libro
Publicado: Buenos Aires : Santillana, 2014
Series:Alfaguara Infantil
Materias:
Etiquetas: Agregar Etiqueta
Sin Etiquetas, Sea el primero en etiquetar este registro!
LEADER 01124nam a22003015a 4500
001 CEM.cems015285
008 130507s2014##################000#0#####d
005 20221020105419.0
245 1 0 |a El superzorro /  |c Roald Dahl ; ilustrado por Quentin Blake ; traducido por Fabiana A. Sordi. 
260 |a Buenos Aires :  |b Santillana,  |c 2014 
300 |a 120 p. 
490 0 |a Alfaguara Infantil 
500 |a Título original: Fantastic Mr. Fox 
020 |a 9789504639428 
100 1 |a Dahl, Roald 
700 1 |a Blake, Quentin; il 
700 1 |a Sordi, Fabiana A.; trad. 
082 0 4 |a 839.8226 
653 |a Literatura 
653 |a Literaruta noruega 
653 |a Literatura infantil 
653 |a Novela 
653 |a Novelas infantiles 
653 |a Colecciión ciencias de la educación 
859 |a CEMS  |b BIB. CEMS - Inicial y Primaria  |h 839.8226  |i D137-3  |k IP  |p 4029  |t Ej.1 
859 |a CEMS  |b BIB. CEMS - Ccias. Educacion  |h 839.8226  |i D137-1  |k CE  |p 28497.19  |t Ej.1 
859 |a CEMS  |b BIB. CEMS - Inicial y Primaria  |h 839.8226  |i D137-3  |k IP  |p 5289  |t Ej.2 
859 |a CEMS  |b BIB. CEMS - Ccias. Educacion  |h 839.8226  |i D137-1  |k CE  |p 28940.19  |t Ej.2